[Event "MPJ-Blitz-D12"]
[Site "Katowice"]
[Date "2015.08.08"]
[Round "7.1"]
[White "Waszczuk, Patrycja"]
[Black "Harazinska, Magdalena"]
[Result "1-0"]
[BlackElo "1499"]
[WhiteElo "1481"]

1. e4 {[%clk 0:03:03]} c5 {[%clk 0:03:04]} 2. Nf3 {[%clk 0:03:04]} e6
{[%clk 0:03:05]} 3. d4 cxd4 4. Nxd4 {[%clk 0:03:06]} a6 {[%clk 0:03:08]} 5. Bd3
{[%clk 0:03:06]} Qc7 {[%clk 0:03:08]} 6. O-O {[%clk 0:03:05]} Nf6
{[%clk 0:03:09]} 7. Qe2 {[%clk 0:03:06]} d6 {[%clk 0:03:09]} 8. c4
{[%clk 0:03:07]} Nbd7 {[%clk 0:03:08]} 9. Nc3 {[%clk 0:03:08]} Be7 10. Kh1
{[%clk 0:03:03]} O-O {[%clk 0:03:09]} 11. f4 {[%clk 0:03:03]} b6 {[%clk 0:03:05]}
12. Bd2 {[%clk 0:03:04]} Bb7 {[%clk 0:03:06]} 13. Rae1 {[%clk 0:03:04]} Nc5
{[%clk 0:02:50]} 14. Bb1 {[%clk 0:02:58]} e5 {[%clk 0:02:20]} 15. Nf5
{[%clk 0:02:18]} Bd8 {[%clk 0:01:58]} 16. fxe5 {[%clk 0:01:40]} dxe5
{[%clk 0:01:59]} 17. Nd5 {[%clk 0:01:39]} Nxd5 {[%clk 0:01:46]} 18. exd5
{[%clk 0:01:38]} Bf6 {[%clk 0:01:36]} 19. Bc3 {[%clk 0:01:26]} Rfe8
{[%clk 0:01:34]} 20. Qg4 {[%clk 0:01:15]} Na4 {[%clk 0:00:52]} 21. Nh6+
{[%clk 0:01:02]} Kh8 {[%clk 0:00:53]} 22. Qf5 {[%clk 0:00:58]} e4
{[%clk 0:00:43]} 23. Bxf6 {[%clk 0:00:37]} Bc8 {[%clk 0:00:32]} 24. Qg5
{[%clk 0:00:27]} 1-0

[Event "MPJ-Blitz-D12"]
[Site "Katowice"]
[Date "2015.08.08"]
[Round "7.2"]
[White "Jarocka, Liwia"]
[Black "Malicka, Maria"]
[Result "1/2-1/2"]
[BlackElo "1365"]
[WhiteElo "1510"]

1. e4 {[%clk 0:03:02]} e5 {[%clk 0:03:03]} 2. Nf3 {[%clk 0:03:04]} Nc6
{[%clk 0:03:04]} 3. Bb5 {[%clk 0:03:05]} a6 {[%clk 0:03:05]} 4. Ba4
{[%clk 0:03:06]} Nf6 {[%clk 0:03:06]} 5. O-O {[%clk 0:03:07]} b5 {[%clk 0:03:07]}
6. Bb3 {[%clk 0:03:09]} Be7 {[%clk 0:03:06]} 7. Re1 {[%clk 0:03:10]} O-O
{[%clk 0:03:06]} 8. c3 {[%clk 0:03:11]} d6 {[%clk 0:03:05]} 9. h3
{[%clk 0:03:12]} Na5 {[%clk 0:03:03]} 10. Bc2 {[%clk 0:03:14]} c5
{[%clk 0:03:04]} 11. d4 {[%clk 0:03:15]} cxd4 {[%clk 0:03:04]} 12. cxd4
{[%clk 0:03:16]} Nc6 {[%clk 0:02:58]} 13. Be3 {[%clk 0:03:04]} Bb7
{[%clk 0:02:46]} 14. d5 {[%clk 0:03:05]} Nb8 {[%clk 0:02:40]} 15. Nbd2
{[%clk 0:03:01]} Nbd7 {[%clk 0:02:39]} 16. Nf1 {[%clk 0:03:01]} Rc8
{[%clk 0:02:35]} 17. Ng3 {[%clk 0:02:58]} Nc5 {[%clk 0:02:23]} 18. Bxc5
{[%clk 0:02:52]} Rxc5 {[%clk 0:02:22]} 19. Qd2 {[%clk 0:02:48]} Qc7
{[%clk 0:02:16]} 20. Rac1 {[%clk 0:02:49]} Rc8 {[%clk 0:02:14]} 21. Nf5
{[%clk 0:02:23]} Bf8 {[%clk 0:01:56]} 22. Ne3 {[%clk 0:02:24]} Nxe4
{[%clk 0:01:40]} 23. Qd3 {[%clk 0:01:54]} Nf6 {[%clk 0:01:25]} 24. Ng5
{[%clk 0:01:55]} g6 {[%clk 0:01:16]} 25. Ne4 {[%clk 0:01:32]} Nxe4
{[%clk 0:01:16]} 26. Qxe4 {[%clk 0:01:33]} f5 {[%clk 0:01:09]} 27. Qd3
{[%clk 0:01:28]} f4 {[%clk 0:01:03]} 28. Ng4 {[%clk 0:01:29]} Rxc2
{[%clk 0:01:01]} 29. Nf6+ {[%clk 0:01:30]} Kg7 {[%clk 0:01:01]} 30. Ne8+
{[%clk 0:01:19]} Rxe8 {[%clk 0:01:00]} 31. Rxc2 {[%clk 0:01:20]} Qb6
{[%clk 0:00:54]} 32. Rec1 {[%clk 0:01:21]} Re7 {[%clk 0:00:52]} 1/2-1/2

[Event "MPJ-Blitz-D12"]
[Site "Katowice"]
[Date "2015.08.08"]
[Round "7.3"]
[White "Czarnecka, Lidia"]
[Black "Czarniecka, Aleksandra"]
[Result "1-0"]
[BlackElo "1350"]
[WhiteElo "1459"]

1. e4 c5 2. Nf3 {[%clk 0:03:04]} d6 {[%clk 0:03:06]} 3. d4 {[%clk 0:03:05]} cxd4
{[%clk 0:03:07]} 4. Nxd4 {[%clk 0:03:06]} Nf6 {[%clk 0:03:08]} 5. Nc3 a6 6. Bg5
{[%clk 0:03:06]} Nbd7 {[%clk 0:03:11]} 7. f4 {[%clk 0:02:58]} Qc7
{[%clk 0:03:12]} 8. Qf3 b5 9. a3 {[%clk 0:02:52]} Bb7 {[%clk 0:03:15]} 10. Bd3
{[%clk 0:02:52]} Rc8 {[%clk 0:03:09]} 11. O-O-O {[%clk 0:02:40]} e6
{[%clk 0:03:04]} 12. g4 {[%clk 0:02:33]} Be7 {[%clk 0:03:05]} 13. Rhf1
{[%clk 0:02:20]} Nc5 {[%clk 0:03:06]} 14. Rfe1 {[%clk 0:02:04]} Nxd3+
{[%clk 0:02:33]} 15. Qxd3 {[%clk 0:02:05]} Nxg4 {[%clk 0:02:25]} 16. Bxe7
{[%clk 0:02:06]} Qxe7 {[%clk 0:02:25]} 17. Qg3 {[%clk 0:02:07]} Nf6
{[%clk 0:02:16]} 18. Qxg7 {[%clk 0:02:08]} Rg8 {[%clk 0:02:18]} 19. Qh6
{[%clk 0:02:09]} Rg6 {[%clk 0:01:58]} 20. Qh4 {[%clk 0:02:08]} Nd7
{[%clk 0:01:45]} 21. Qxh7 {[%clk 0:02:07]} Nc5 {[%clk 0:01:36]} 22. f5
{[%clk 0:02:01]} Qg5+ {[%clk 0:01:31]} 23. Kb1 {[%clk 0:02:02]} Rh6
{[%clk 0:01:28]} 24. Nf3 {[%clk 0:01:38]} Rxh7 {[%clk 0:01:02]} 25. Nxg5
{[%clk 0:01:38]} Rxh2 {[%clk 0:01:03]} 26. fxe6 {[%clk 0:01:37]} fxe6 27. Rxd6
{[%clk 0:01:38]} Rc6 {[%clk 0:00:58]} 28. Red1 {[%clk 0:01:31]} Rxd6
{[%clk 0:00:58]} 29. Rxd6 {[%clk 0:01:33]} Rh1+ {[%clk 0:00:56]} 30. Ka2
{[%clk 0:01:34]} Rh6 {[%clk 0:00:57]} 31. b4 {[%clk 0:01:33]} Nd7
{[%clk 0:00:51]} 32. Rxe6+ {[%clk 0:01:31]} Rxe6 {[%clk 0:00:52]} 33. Nxe6
{[%clk 0:01:32]} Nf6 {[%clk 0:00:50]} 34. Nc7+ {[%clk 0:01:31]} Kd7
{[%clk 0:00:51]} 35. N7d5 {[%clk 0:01:29]} Nxd5 {[%clk 0:00:47]} 36. exd5
{[%clk 0:01:25]} Kd6 {[%clk 0:00:47]} 37. Kb3 {[%clk 0:01:26]} Ba8
{[%clk 0:00:43]} 38. Ne4+ {[%clk 0:01:19]} Kxd5 {[%clk 0:00:42]} 39. Nc5
{[%clk 0:01:21]} a5 {[%clk 0:00:32]} 40. Nd3 {[%clk 0:01:13]} a4+
{[%clk 0:00:33]} 41. Kc3 {[%clk 0:01:13]} Kd6 {[%clk 0:00:32]} 42. Kd4
{[%clk 0:01:14]} Bf3 {[%clk 0:00:32]} 43. Nc5 {[%clk 0:01:13]} Be2
{[%clk 0:00:30]} 44. Ne4+ {[%clk 0:01:13]} Kc7 {[%clk 0:00:29]} 45. Kc5
{[%clk 0:01:13]} Bc4 {[%clk 0:00:29]} 46. Nc3 {[%clk 0:01:14]} Bf1
{[%clk 0:00:22]} 47. Nxb5+ {[%clk 0:01:15]} Kd7 {[%clk 0:00:23]} 48. Nc3
{[%clk 0:01:15]} Kc7 {[%clk 0:00:20]} 49. Nxa4 {[%clk 0:01:16]} Bg2
{[%clk 0:00:19]} 50. c4 {[%clk 0:01:17]} Bf1 {[%clk 0:00:19]} 51. Nc3
{[%clk 0:01:18]} Bg2 {[%clk 0:00:20]} 52. Nd5+ {[%clk 0:01:18]} Bxd5
{[%clk 0:00:19]} 53. Kxd5 Kb7 54. a4 Ka7 55. c5 {[%clk 0:01:20]} Kb7
{[%clk 0:00:26]} 56. b5 {[%clk 0:01:23]} Ka7 {[%clk 0:00:30]} 57. c6
{[%clk 0:01:24]} Kb8 {[%clk 0:00:30]} 58. b6 {[%clk 0:01:24]} Ka8
{[%clk 0:00:28]} 59. c7 {[%clk 0:01:25]} Kb7 {[%clk 0:00:29]} 60. c8=Q+
{[%clk 0:01:27]} Ka6 1-0

[Event "MPJ-Blitz-D12"]
[Site "Katowice"]
[Date "2015.08.08"]
[Round "7.4"]
[White "Szczypawka, Aleksandra"]
[Black "Adamczyk, Zuzanna"]
[Result "*"]
[BlackElo "1394"]
[WhiteElo "1386"]

1. e4 {[%clk 0:03:03]} c5 {[%clk 0:03:03]} 2. Nf3 {[%clk 0:03:04]} a6
{[%clk 0:03:04]} 3. Nc3 {[%clk 0:03:05]} Nc6 {[%clk 0:03:03]} 4. Bc4
{[%clk 0:03:04]} e6 {[%clk 0:03:03]} 5. d3 {[%clk 0:03:04]} Nf6 {[%clk 0:03:01]}
6. Bf4 {[%clk 0:03:00]} d6 {[%clk 0:02:55]} 7. e5 {[%clk 0:02:51]} dxe5
{[%clk 0:02:54]} 8. Nxe5 {[%clk 0:02:50]} Nxe5 {[%clk 0:02:51]} 9. Bxe5
{[%clk 0:02:50]} Be7 {[%clk 0:02:42]} 10. Qe2 {[%clk 0:02:34]} O-O
{[%clk 0:02:24]} 11. O-O {[%clk 0:02:28]} b5 {[%clk 0:02:20]} 12. Bb3
{[%clk 0:02:28]} Bb7 {[%clk 0:02:19]} 13. a4 {[%clk 0:02:22]} b4 {[%clk 0:02:10]}
14. Ne4 {[%clk 0:01:52]} Nxe4 {[%clk 0:02:06]} 15. dxe4 {[%clk 0:01:52]} Bf6
{[%clk 0:01:56]} 16. Qh5 {[%clk 0:01:33]} Bxe4 {[%clk 0:01:30]} 17. Rfe1
{[%clk 0:01:07]} Bg6 {[%clk 0:01:19]} 18. Qf3 {[%clk 0:01:02]} Bxe5
{[%clk 0:01:09]} 19. Rxe5 {[%clk 0:01:00]} Qd6 {[%clk 0:01:07]} 20. Rae1
{[%clk 0:00:41]} Rac8 {[%clk 0:01:03]} 21. h3 {[%clk 0:00:40]} c4
{[%clk 0:01:01]} 22. Ba2 {[%clk 0:00:37]} Bxc2 {[%clk 0:00:59]} 23. Qf4
{[%clk 0:00:32]} Rfd8 {[%clk 0:00:47]} 24. Bxc4 {[%clk 0:00:22]} Bxa4
{[%clk 0:00:43]} 25. b3 {[%clk 0:00:20]} Bc6 {[%clk 0:00:32]} 26. Bxa6
{[%clk 0:00:18]} Ra8 {[%clk 0:00:29]} 27. Bc4 {[%clk 0:00:18]} Bd7
{[%clk 0:00:20]} 28. R5e4 {[%clk 0:00:18]} Qxf4 {[%clk 0:00:19]} 29. Rxf4
{[%clk 0:00:19]} Bc6 {[%clk 0:00:19]} 30. Kh2 {[%clk 0:00:18]} Bd5
{[%clk 0:00:19]} 31. Bxd5 {[%clk 0:00:18]} Rxd5 {[%clk 0:00:18]} 32. Ree4
{[%clk 0:00:18]} e5 {[%clk 0:00:14]} 33. Rf5 {[%clk 0:00:17]} Rb8
{[%clk 0:00:12]} 34. Rfxe5 {[%clk 0:00:16]} Rxe5 {[%clk 0:00:10]} 35. Rxe5
{[%clk 0:00:17]} f6 {[%clk 0:00:11]} 36. Re7 {[%clk 0:00:17]} Kf8
{[%clk 0:00:11]} 37. Rd7 {[%clk 0:00:18]} Re8 {[%clk 0:00:11]} 38. Rd4
{[%clk 0:00:18]} Rb8 {[%clk 0:00:10]} 39. Rd7 {[%clk 0:00:18]} Rb5
{[%clk 0:00:09]} 40. Rd4 {[%clk 0:00:18]} Ke7 {[%clk 0:00:10]} 41. Kg3
{[%clk 0:00:19]} Ke6 {[%clk 0:00:10]} 42. Kf4 {[%clk 0:00:19]} Rf5+
{[%clk 0:00:10]} 43. Kg3 {[%clk 0:00:20]} Rb5 {[%clk 0:00:09]} 44. Kf3
{[%clk 0:00:19]} Ke5 {[%clk 0:00:09]} 45. Ke3 {[%clk 0:00:19]} g5
{[%clk 0:00:10]} 46. g3 {[%clk 0:00:19]} f5 {[%clk 0:00:10]} 47. f4+
{[%clk 0:00:19]} gxf4+ {[%clk 0:00:10]} 48. gxf4+ {[%clk 0:00:19]} Ke6
{[%clk 0:00:11]} 49. Kd3 {[%clk 0:00:18]} Rd5 {[%clk 0:00:12]} 50. Rxd5
{[%clk 0:00:16]} Kxd5 {[%clk 0:00:12]} 51. h4 h5 52. Ke3 {[%clk 0:00:06]} Kc5
{[%clk 0:00:13]} 53. Kd3 {[%clk 0:00:06]} Kd5 {[%clk 0:00:14]} 54. Ke3
{[%clk 0:00:07]} Kc5 {[%clk 0:00:15]} 55. Kd3 {[%clk 0:00:08]} Kd5
{[%clk 0:00:17]} 56. Ke3 {[%clk 0:00:09]} Kc5 {[%clk 0:00:17]} *

[Event "MPJ-Blitz-D12"]
[Site "Katowice"]
[Date "2015.08.08"]
[Round "8.2"]
[White "Malicka, Maria"]
[Black "Jarocka, Liwia"]
[Result "1/2-1/2"]
[BlackElo "1510"]
[WhiteElo "1365"]

1. c4 {[%clk 0:03:03]} e5 {[%clk 0:03:03]} 2. g3 {[%clk 0:03:04]} Nc6
{[%clk 0:03:04]} 3. Bg2 {[%clk 0:03:04]} Nf6 {[%clk 0:03:05]} 4. Nc3
{[%clk 0:03:04]} d6 {[%clk 0:03:06]} 5. d3 {[%clk 0:03:03]} Be7 {[%clk 0:03:07]}
6. Nf3 {[%clk 0:03:04]} O-O {[%clk 0:03:08]} 7. O-O {[%clk 0:03:04]} Be6
{[%clk 0:03:09]} 8. a3 {[%clk 0:03:04]} Qd7 {[%clk 0:03:10]} 9. b4
{[%clk 0:02:59]} Rad8 {[%clk 0:03:11]} 10. b5 {[%clk 0:02:55]} Nb8
{[%clk 0:03:12]} 11. Ng5 {[%clk 0:02:51]} c6 {[%clk 0:03:08]} 12. Nxe6
{[%clk 0:02:51]} fxe6 {[%clk 0:03:09]} 13. bxc6 Nxc6 {[%clk 0:03:09]} 14. Rb1
{[%clk 0:02:33]} b6 {[%clk 0:03:07]} 15. Qa4 {[%clk 0:02:21]} Nd4
{[%clk 0:03:05]} 16. Qxd7 {[%clk 0:02:17]} Rxd7 {[%clk 0:02:59]} 17. e3
{[%clk 0:02:13]} Nf5 {[%clk 0:02:52]} 18. Bc6 {[%clk 0:01:55]} Rc7
{[%clk 0:02:46]} 19. Bb5 {[%clk 0:01:49]} d5 {[%clk 0:02:37]} 20. Bb2
{[%clk 0:01:41]} Nd6 {[%clk 0:02:34]} 21. cxd5 {[%clk 0:01:37]} exd5
{[%clk 0:02:31]} 22. Ba4 {[%clk 0:01:32]} Rfc8 {[%clk 0:02:07]} 23. Rbc1
{[%clk 0:01:23]} h6 {[%clk 0:01:55]} 24. Nb5 {[%clk 0:01:09]} Nxb5
{[%clk 0:01:52]} 25. Bxb5 {[%clk 0:01:10]} Rxc1 {[%clk 0:01:47]} 26. Rxc1
{[%clk 0:01:12]} 1/2-1/2

[Event "MPJ-Blitz-D12"]
[Site "Katowice"]
[Date "2015.08.08"]
[Round "8.3"]
[White "Czarniecka, Aleksandra"]
[Black "Czarnecka, Lidia"]
[Result "1-0"]
[BlackElo "1459"]
[WhiteElo "1350"]

1. e4 {[%clk 0:03:03]} c5 {[%clk 0:03:03]} 2. Nf3 {[%clk 0:03:04]} d6
{[%clk 0:03:05]} 3. d4 cxd4 4. Nxd4 {[%clk 0:03:06]} Nf6 {[%clk 0:03:08]} 5. Nc3
{[%clk 0:03:07]} g6 {[%clk 0:03:09]} 6. Be3 Bg7 7. f3 {[%clk 0:03:09]} O-O 8. Qd2
Nc6 {[%clk 0:03:13]} 9. Bc4 {[%clk 0:03:12]} Bd7 {[%clk 0:03:15]} 10. O-O-O
{[%clk 0:03:12]} Rc8 {[%clk 0:03:16]} 11. Bb3 {[%clk 0:03:14]} Ne5
{[%clk 0:03:16]} 12. g4 {[%clk 0:03:14]} Nc4 {[%clk 0:03:17]} 13. Bxc4
{[%clk 0:03:13]} Rxc4 {[%clk 0:03:18]} 14. h4 {[%clk 0:03:09]} h5
{[%clk 0:03:20]} 15. Bh6 Nxe4 {[%clk 0:03:05]} 16. Qe3 {[%clk 0:02:38]} Nxc3
{[%clk 0:03:02]} 17. bxc3 {[%clk 0:02:39]} Bxh6 {[%clk 0:03:01]} 18. Qxh6
{[%clk 0:02:39]} hxg4 {[%clk 0:02:57]} 19. h5 {[%clk 0:02:38]} Qa5
{[%clk 0:02:43]} 20. hxg6 {[%clk 0:02:30]} Rxd4 {[%clk 0:02:38]} 21. Qh7#
{[%clk 0:02:29]} 1-0

[Event "MPJ-Blitz-D12"]
[Site "Katowice"]
[Date "2015.08.08"]
[Round "8.4"]
[White "Adamczyk, Zuzanna"]
[Black "Szczypawka, Aleksandra"]
[Result "1-0"]
[BlackElo "1386"]
[WhiteElo "1394"]

1. d4 {[%clk 0:03:03]} d5 {[%clk 0:03:04]} 2. Nf3 {[%clk 0:03:04]} Nc6
{[%clk 0:03:05]} 3. Bf4 {[%clk 0:03:05]} Nf6 {[%clk 0:03:06]} 4. e3
{[%clk 0:03:06]} Bg4 {[%clk 0:03:06]} 5. h3 {[%clk 0:03:05]} Bh5 {[%clk 0:03:08]}
6. Nbd2 {[%clk 0:03:05]} e6 {[%clk 0:03:08]} 7. Be2 {[%clk 0:03:05]} Bb4
{[%clk 0:03:09]} 8. c3 {[%clk 0:03:05]} Ba5 {[%clk 0:03:10]} 9. a4
{[%clk 0:03:04]} a6 {[%clk 0:03:11]} 10. O-O {[%clk 0:02:58]} O-O
{[%clk 0:03:11]} 11. Bh2 {[%clk 0:02:56]} Re8 {[%clk 0:03:11]} 12. Ne5
{[%clk 0:02:54]} Nxe5 {[%clk 0:03:06]} 13. dxe5 {[%clk 0:02:49]} Bxe2
{[%clk 0:03:06]} 14. Qxe2 {[%clk 0:02:50]} Ne4 {[%clk 0:03:05]} 15. f3
{[%clk 0:02:47]} Nxd2 {[%clk 0:03:06]} 16. Qxd2 {[%clk 0:02:47]} c5
{[%clk 0:03:07]} 17. f4 {[%clk 0:02:43]} b5 {[%clk 0:03:08]} 18. Qe2
{[%clk 0:02:31]} b4 {[%clk 0:03:04]} 19. cxb4 {[%clk 0:02:25]} cxb4
{[%clk 0:03:04]} 20. b3 {[%clk 0:02:25]} Re7 {[%clk 0:03:03]} 21. g4
{[%clk 0:02:21]} h6 {[%clk 0:03:04]} 22. Bg3 {[%clk 0:02:20]} Rc7
{[%clk 0:03:04]} 23. Rfc1 {[%clk 0:02:19]} Bb6 {[%clk 0:03:01]} 24. Bf2
{[%clk 0:02:17]} a5 {[%clk 0:03:02]} 25. e4 {[%clk 0:01:47]} Bxf2+
{[%clk 0:02:56]} 26. Kxf2 {[%clk 0:01:45]} Rxc1 {[%clk 0:02:57]} 27. Rxc1
{[%clk 0:01:44]} Qb6+ {[%clk 0:02:57]} 28. Qe3 {[%clk 0:01:34]} Qxe3+
{[%clk 0:02:57]} 29. Kxe3 {[%clk 0:01:35]} dxe4 {[%clk 0:02:53]} 30. Kxe4
{[%clk 0:01:34]} Kf8 {[%clk 0:02:53]} 31. Rc7 {[%clk 0:01:30]} Ra6
{[%clk 0:02:50]} 32. f5 {[%clk 0:01:20]} exf5+ {[%clk 0:02:50]} 33. gxf5
{[%clk 0:01:21]} g6 {[%clk 0:02:46]} 34. f6 {[%clk 0:01:08]} Ke8 {[%clk 0:02:40]}
35. Re7+ {[%clk 0:01:06]} Kf8 {[%clk 0:02:40]} 36. Kd5 {[%clk 0:01:00]} g5
{[%clk 0:02:33]} 37. Ke4 {[%clk 0:01:00]} h5 {[%clk 0:02:33]} 38. Kf5
{[%clk 0:00:58]} Re6 {[%clk 0:02:03]} 39. Rxe6 {[%clk 0:00:55]} fxe6+
{[%clk 0:02:04]} 40. Kxg5 {[%clk 0:00:55]} Kf7 {[%clk 0:02:03]} 41. Kxh5
{[%clk 0:00:55]} Kg8 {[%clk 0:02:02]} 42. Kg6 {[%clk 0:00:56]} Kf8
{[%clk 0:01:55]} 43. h4 {[%clk 0:00:57]} Kg8 {[%clk 0:01:56]} 44. h5
{[%clk 0:00:57]} Kf8 {[%clk 0:01:52]} 45. h6 {[%clk 0:00:56]} Kg8
{[%clk 0:01:50]} 46. f7+ {[%clk 0:00:57]} Kf8 {[%clk 0:01:50]} 47. h7
{[%clk 0:00:57]} Ke7 {[%clk 0:01:48]} 48. h8=Q {[%clk 0:00:54]} Kd7
{[%clk 0:01:48]} 49. f8=Q {[%clk 0:00:48]} Kc6 {[%clk 0:01:47]} 50. Qd6+
{[%clk 0:00:47]} Kb7 {[%clk 0:01:43]} 51. Qg7+ {[%clk 0:00:48]} Ka8
{[%clk 0:01:41]} 52. Qd8# 1-0

[Event "MPJ-Blitz-D12"]
[Site "Katowice"]
[Date "2015.08.08"]
[Round "9.1"]
[White "Adamczyk, Zuzanna"]
[Black "Waszczuk, Patrycja"]
[Result "1/2-1/2"]
[BlackElo "1481"]
[WhiteElo "1394"]

1. d4 {[%clk 0:03:03]} d5 {[%clk 0:03:03]} 2. Nf3 {[%clk 0:03:03]} c6
{[%clk 0:03:04]} 3. Bf4 {[%clk 0:03:04]} Nf6 {[%clk 0:03:05]} 4. e3
{[%clk 0:03:04]} Bf5 {[%clk 0:03:05]} 5. h3 {[%clk 0:03:04]} e6 {[%clk 0:03:05]}
6. Bd3 {[%clk 0:03:04]} Bxd3 {[%clk 0:03:05]} 7. Qxd3 {[%clk 0:03:05]} Bd6
{[%clk 0:03:04]} 8. Ne5 {[%clk 0:02:59]} O-O {[%clk 0:02:56]} 9. O-O
{[%clk 0:02:55]} Qc7 {[%clk 0:02:52]} 10. Bh2 {[%clk 0:02:50]} Nbd7
{[%clk 0:02:47]} 11. f4 {[%clk 0:02:50]} Ne4 {[%clk 0:02:43]} 12. Nd2
{[%clk 0:02:44]} f5 {[%clk 0:02:41]} 13. Nxe4 {[%clk 0:02:31]} fxe4
{[%clk 0:02:35]} 14. Qe2 {[%clk 0:02:29]} Nxe5 {[%clk 0:02:17]} 15. fxe5
{[%clk 0:02:29]} Be7 {[%clk 0:02:13]} 16. c4 {[%clk 0:02:20]} Rac8
{[%clk 0:01:48]} 17. Rac1 {[%clk 0:01:57]} Qd7 {[%clk 0:01:49]} 18. Qg4
{[%clk 0:01:47]} b6 {[%clk 0:01:48]} 19. cxd5 {[%clk 0:01:28]} cxd5
{[%clk 0:01:49]} 20. Bf4 {[%clk 0:01:17]} Kh8 {[%clk 0:01:49]} 21. h4
{[%clk 0:01:00]} Bb4 {[%clk 0:01:05]} 22. Rfd1 {[%clk 0:00:37]} Rxc1
{[%clk 0:00:59]} 23. Rxc1 {[%clk 0:00:38]} Rc8 {[%clk 0:00:58]} 24. Qd1
{[%clk 0:00:36]} Be7 {[%clk 0:00:50]} 25. Bg3 {[%clk 0:00:26]} h6
{[%clk 0:00:38]} 26. Kh2 {[%clk 0:00:24]} Qd8 {[%clk 0:00:39]} 27. Rxc8
{[%clk 0:00:23]} Qxc8 {[%clk 0:00:40]} 28. Qa4 {[%clk 0:00:20]} Qc7
{[%clk 0:00:35]} 29. Qe8+ {[%clk 0:00:15]} Kh7 {[%clk 0:00:35]} 30. Qa4
{[%clk 0:00:15]} a5 {[%clk 0:00:28]} 1/2-1/2

[Event "MPJ-Blitz-D12"]
[Site "Katowice"]
[Date "2015.08.08"]
[Round "9.2"]
[White "Harazinska, Magdalena"]
[Black "Jarocka, Liwia"]
[Result "1/2-1/2"]
[BlackElo "1510"]
[WhiteElo "1499"]

1. e4 {[%clk 0:03:03]} e5 {[%clk 0:03:03]} 2. Nf3 {[%clk 0:03:04]} Nc6
{[%clk 0:03:04]} 3. Bc4 {[%clk 0:03:04]} Bc5 {[%clk 0:03:05]} 4. d3
{[%clk 0:03:05]} Nf6 {[%clk 0:03:07]} 5. Be3 {[%clk 0:03:06]} Bb6
{[%clk 0:03:08]} 6. c3 {[%clk 0:03:07]} d6 {[%clk 0:03:08]} 7. O-O
{[%clk 0:03:07]} O-O {[%clk 0:03:08]} 8. Nbd2 {[%clk 0:03:06]} h6
{[%clk 0:03:09]} 9. h3 {[%clk 0:02:57]} Ne7 {[%clk 0:03:10]} 10. Re1
{[%clk 0:02:51]} Ng6 {[%clk 0:03:07]} 11. Nf1 {[%clk 0:02:45]} Be6
{[%clk 0:03:06]} 12. Bb3 {[%clk 0:02:45]} Nh5 {[%clk 0:02:40]} 13. d4
{[%clk 0:02:23]} Bxb3 {[%clk 0:02:25]} 14. axb3 {[%clk 0:02:19]} Nf6
{[%clk 0:02:09]} 15. Ng3 {[%clk 0:02:08]} a6 {[%clk 0:02:08]} 16. Qc2
{[%clk 0:02:07]} Re8 {[%clk 0:01:42]} 17. Rad1 {[%clk 0:02:02]} exd4
{[%clk 0:01:40]} 18. Bxd4 Bxd4 {[%clk 0:01:40]} 19. cxd4 {[%clk 0:01:56]} Qe7
{[%clk 0:01:25]} 20. Nf5 {[%clk 0:01:45]} Qd7 {[%clk 0:01:15]} 21. e5
{[%clk 0:01:34]} Nd5 {[%clk 0:01:14]} 22. exd6 {[%clk 0:01:15]} cxd6
{[%clk 0:01:10]} 23. Ne3 {[%clk 0:01:06]} Nxe3 {[%clk 0:01:10]} 24. fxe3
{[%clk 0:01:06]} Rac8 {[%clk 0:01:09]} 25. Qf2 {[%clk 0:00:56]} Rc7
{[%clk 0:01:07]} 26. e4 {[%clk 0:00:49]} Rec8 {[%clk 0:01:08]} 27. e5
{[%clk 0:00:41]} Rc2 {[%clk 0:01:04]} 28. Re2 {[%clk 0:00:40]} Rxe2
{[%clk 0:00:49]} 29. Qxe2 {[%clk 0:00:41]} dxe5 {[%clk 0:00:48]} 30. dxe5
{[%clk 0:00:40]} Qc7 {[%clk 0:00:45]} 31. e6 {[%clk 0:00:37]} Nf4
{[%clk 0:00:41]} 32. exf7+ {[%clk 0:00:37]} Qxf7 {[%clk 0:00:41]} 33. Qe3
{[%clk 0:00:26]} Nd5 {[%clk 0:00:38]} 34. Qd4 {[%clk 0:00:16]} Nf6
{[%clk 0:00:37]} 35. Ne5 {[%clk 0:00:16]} Qxb3 {[%clk 0:00:27]} 36. Ng6
{[%clk 0:00:11]} Qf7 {[%clk 0:00:25]} 37. Qd3 {[%clk 0:00:12]} Re8
{[%clk 0:00:17]} 38. Nh4 {[%clk 0:00:10]} Qe7 {[%clk 0:00:15]} 39. Nf5
{[%clk 0:00:10]} Qe6 {[%clk 0:00:13]} 40. Ng3 {[%clk 0:00:07]} Qe3+
{[%clk 0:00:14]} 41. Qxe3 {[%clk 0:00:08]} Rxe3 {[%clk 0:00:15]} 42. Nf5
{[%clk 0:00:07]} Rb3 {[%clk 0:00:15]} 43. Rd2 {[%clk 0:00:08]} Ne4
{[%clk 0:00:15]} 44. Re2 {[%clk 0:00:09]} Nf6 {[%clk 0:00:15]} 45. Nd6
{[%clk 0:00:10]} Kh7 {[%clk 0:00:15]} 46. Nc4 {[%clk 0:00:10]} b5
{[%clk 0:00:15]} 47. Na5 {[%clk 0:00:11]} Rb4 {[%clk 0:00:15]} 48. b3
{[%clk 0:00:10]} Rd4 {[%clk 0:00:16]} 49. Nc6 {[%clk 0:00:10]} Rd1+
{[%clk 0:00:17]} 50. Kf2 {[%clk 0:00:11]} Rb1 {[%clk 0:00:15]} 51. Nd4
{[%clk 0:00:12]} Nd5 {[%clk 0:00:15]} 52. Rc2 {[%clk 0:00:11]} Nf6
{[%clk 0:00:08]} 53. Re2 {[%clk 0:00:11]} 1/2-1/2

[Event "MPJ-Blitz-D12"]
[Site "Katowice"]
[Date "2015.08.08"]
[Round "9.3"]
[White "Malicka, Maria"]
[Black "Czarnecka, Lidia"]
[Result "1/2-1/2"]
[BlackElo "1459"]
[WhiteElo "1365"]

1. c4 {[%clk 0:03:02]} e6 {[%clk 0:03:03]} 2. e3 {[%clk 0:03:01]} d5
{[%clk 0:03:04]} 3. cxd5 {[%clk 0:03:00]} exd5 {[%clk 0:03:05]} 4. d4
{[%clk 0:03:01]} Nf6 {[%clk 0:03:06]} 5. Nc3 {[%clk 0:03:01]} Be7
{[%clk 0:03:05]} 6. Bd3 {[%clk 0:03:00]} O-O {[%clk 0:03:05]} 7. Bd2
{[%clk 0:02:58]} b6 {[%clk 0:03:03]} 8. Nge2 {[%clk 0:02:56]} Nbd7
{[%clk 0:03:02]} 9. Nf4 {[%clk 0:02:54]} Bb7 {[%clk 0:03:02]} 10. O-O
{[%clk 0:02:51]} c5 {[%clk 0:03:03]} 11. Rc1 {[%clk 0:02:44]} h6 {[%clk 0:02:53]}
12. Qf3 {[%clk 0:02:17]} Ne4 {[%clk 0:02:27]} 13. Bxe4 {[%clk 0:01:52]} dxe4
{[%clk 0:02:28]} 14. Qe2 {[%clk 0:01:39]} Nf6 {[%clk 0:02:20]} 15. dxc5
{[%clk 0:01:37]} Bxc5 {[%clk 0:02:20]} 16. Rfd1 {[%clk 0:01:32]} Qe7
{[%clk 0:02:20]} 17. Be1 {[%clk 0:01:24]} Rfd8 {[%clk 0:02:08]} 18. Rxd8+
{[%clk 0:01:17]} Rxd8 {[%clk 0:02:09]} 19. Rd1 {[%clk 0:01:18]} Bc8
{[%clk 0:01:02]} 20. Rxd8+ {[%clk 0:01:02]} Qxd8 {[%clk 0:01:03]} 21. Qd2
{[%clk 0:01:02]} Qxd2 {[%clk 0:00:57]} 22. Bxd2 {[%clk 0:01:03]} Bd7
{[%clk 0:00:51]} 1/2-1/2